Statistics for 2000 Champions League Final Real Madrid - Valencia

Click here to take the quiz!

General Stats

  • This quiz has been taken 255 times
  • The average score is 12 of 28

Answer Stats

Player% Correct
Raúl ¹
90%
Fernando Hierro
85%
Iker Casillas
85%
Roberto Carlos
83%
Fernando Morientes ¹
77%
Míchel Salgado
58%
Santiago Cañizares
56%
Iván Helguera
54%
Vicente del Bosque
53%
Steve McManaman ¹
52%
Gaizka Mendieta
49%
Fernando Redondo
46%
Nicolas Anelka
38%
Claudio López
34%
Héctor Cúper
33%
Jocelyn Angloma
31%
Manolo Sanchís
31%
Iván Campo
30%
Mauricio Pellegrino
30%
Kily González
27%
Aitor Karanka
25%
Gerard
20%
Miguel Ángel Angulo
20%
Adrian Ilie
18%
Sávio
18%
Miroslav Đukić
16%
Gerardo
13%
Javier Farinós
13%

Score Distribution

Percentile by Number Answered

Percent of People with Each Score

Your Score History

You have not taken this quiz